000 00401 a2200169 4500
001 185783
020 _a85-04-00894-0
040 _cMagnum
100 _aPons, Michéle Mira
240 1 0 _aA internet em pequenos passos
_lpor
245 1 0 _aA internet em pequenos passos
300 _a46
362 0 _a2005
440 1 _aNacional
697 _aLITERATURA INFANTO-JUVENIL ESTRANGEIRA
942 _cBK
999 _c185783
_d185783